| 000 | 00671nam a2200229 i 4500 | ||
|---|---|---|---|
| 001 | 53718 | ||
| 003 | ES-MaACL | ||
| 005 | 20230906162823.0 | ||
| 007 | t| | ||
| 008 | 031111s1997 mx ||||1| spa d | ||
| 080 | _a001:1 | ||
| 100 | 1 |
_aNicol, Eduardo. _985551 |
|
| 245 | 1 | 4 |
_aLos principios de la ciencia / _cEduardo Nicol. |
| 250 | _a1ª ed., 4ª reimp. | ||
| 260 |
_aMéxico : _bFondo de Cultura Económica, _c1997. |
||
| 300 |
_a510 p. ; _c22 cm. |
||
| 490 | 1 | _aSección de obras de filosofía | |
| 650 |
_aCiencia- _xFilosofía. _910950 |
||
| 830 | 0 |
_aSección de obras de filosofía _9178631 |
|
| 852 |
_aES-MaACL _jL-26558 _bR.131953 |
||
| 999 |
_c53718 _d53718 |
||